| 000 -LEADER |
| fixed length control field |
00724nam a2200253Ia 4500 |
| 001 - CONTROL NUMBER |
| control field |
791 |
| 003 - CONTROL NUMBER IDENTIFIER |
| control field |
GE_BSU |
| 008 - FIXED-LENGTH DATA ELEMENTS--GENERAL INFORMATION |
| fixed length control field |
181216s||||||||xx |||||||||||||| ||und|| |
| 020 ## - INTERNATIONAL STANDARD BOOK NUMBER |
| International Standard Book Number |
5209018040 |
| 040 ## - CATALOGING SOURCE |
| Transcribing agency |
GE_BSU |
| 080 ## - UNIVERSAL DECIMAL CLASSIFICATION NUMBER |
| Universal Decimal Classification number |
347.79 |
| 100 ## - MAIN ENTRY--PERSONAL NAME |
| Personal name |
Абашидзе, А.Х. |
| 245 ## - TITLE STATEMENT |
| Title |
Международное морское право |
| 245 ## - TITLE STATEMENT |
| Remainder of title |
Теория и практика.Уч. пособие для студ.юрид. фак-в |
| 260 ## - PUBLICATION, DISTRIBUTION, ETC. |
| Place of publication, distribution, etc. |
Москва |
| 260 ## - PUBLICATION, DISTRIBUTION, ETC. |
| Name of publisher, distributor, etc. |
Изд-во РУДН |
| 260 ## - PUBLICATION, DISTRIBUTION, ETC. |
| Date of publication, distribution, etc. |
2005 |
| 300 ## - PHYSICAL DESCRIPTION |
| Extent |
288стр. |
| 653 ## - INDEX TERM--UNCONTROLLED |
| Uncontrolled term |
Международное морское право |
| 653 ## - INDEX TERM--UNCONTROLLED |
| Uncontrolled term |
морское право |
| 653 ## - INDEX TERM--UNCONTROLLED |
| Uncontrolled term |
право |
| 942 ## - ADDED ENTRY ELEMENTS (KOHA) |
| Koha item type |
წიგნი |